00962cam a2200277u 4500008004100000020001500041020001800056040002800074043001200102050001600114092002300130099002200153100002100175245014700196250001700343260004300360300003300403651003500436651003400471902000600505905001500511905001600526942001200542999001900554952011100573141218s2013 fr c 000 0 fre d a2846904324 a9782846904322 aEG-GiCUCbfrecEG-GiCUC ae-fr---00aDC38b.D61304a944bD888 2013221 a04a944 D888 20131 aDumesnil, Carel.00aHistoire de France :bde la royaute a ̀la Revolution, histoire, art, litterature, une encyclopedie illustree et complet̀e /cCarel Dumesnil. aNouv. âed. aParis:bE{u00B4}d. de Lodi, DL,c2013. a335 p.bill. en noirc26 cm. 0aFrancexCivilizationxHistory. 0aFrancexHistoryxChronology.  a1 aEmaneRev. aJamaleCat. 2ddccBK c136718d136718 2ddc70aCUCLbcl312d2024-02-11o944 D888 2013 Ref. Fre.p01000110199351000r2024-07-05 00:00:00tC.1yREF